<?xml version="1.0" encoding="UTF-8"?>
<record
    xmlns:xsi="http://www.w3.org/2001/XMLSchema-instance"
    xsi:schemaLocation="http://www.loc.gov/MARC21/slim http://www.loc.gov/standards/marcxml/schema/MARC21slim.xsd"
    xmlns="http://www.loc.gov/MARC21/slim">

  <leader>00629nam a2200205Ia 4500</leader>
  <controlfield tag="001">7525</controlfield>
  <controlfield tag="003">GE_BSU</controlfield>
  <controlfield tag="008">181216s||||||||xx |||||||||||||| ||und||</controlfield>
  <datafield tag="040" ind1=" " ind2=" ">
    <subfield code="c">GE_BSU</subfield>
  </datafield>
  <datafield tag="080" ind1=" " ind2=" ">
    <subfield code="a">621.867(075.8)</subfield>
  </datafield>
  <datafield tag="100" ind1=" " ind2=" ">
    <subfield code="a">&#x417;&#x435;&#x43D;&#x43A;&#x43E;&#x432;,&#x420;.&#x41B;. &#x418;&#x432;&#x430;&#x448;&#x43A;&#x43E;&#x432;,&#x418;.&#x418;. &#x41A;&#x43E;&#x43B;&#x43E;&#x431;&#x43E;&#x432;,&#x41B;.&#x41D;.</subfield>
  </datafield>
  <datafield tag="245" ind1=" " ind2=" ">
    <subfield code="a">&#x41C;&#x430;&#x448;&#x438;&#x43D;&#x44B; &#x43D;&#x435;&#x43F;&#x440;&#x435;&#x440;&#x44B;&#x432;&#x43D;&#x43E;&#x433;&#x43E; &#x442;&#x440;&#x430;&#x43D;&#x441;&#x43F;&#x43E;&#x440;&#x442;&#x430;.</subfield>
  </datafield>
  <datafield tag="245" ind1=" " ind2=" ">
    <subfield code="c">&#x420;&#x435;&#x434;. &#x42E;.&#x41D;.&#x41C;&#x430;&#x43A;&#x430;&#x440;&#x43E;&#x432;&#x430;.</subfield>
  </datafield>
  <datafield tag="260" ind1=" " ind2=" ">
    <subfield code="a">&#x41C;.</subfield>
  </datafield>
  <datafield tag="260" ind1=" " ind2=" ">
    <subfield code="b">&#x41C;&#x430;&#x448;&#x438;&#x43D;&#x43E;&#x441;&#x442;&#x440;&#x43E;&#x435;&#x43D;&#x438;&#x435;.</subfield>
  </datafield>
  <datafield tag="260" ind1=" " ind2=" ">
    <subfield code="c">1980.</subfield>
  </datafield>
  <datafield tag="300" ind1=" " ind2=" ">
    <subfield code="a">304&#x441;&#x442;&#x440;.22&#x441;&#x43C;.&#x441; &#x438;&#x43B;&#x43B;.</subfield>
  </datafield>
  <datafield tag="653" ind1=" " ind2=" ">
    <subfield code="a">&#x41C;&#x430;&#x448;&#x438;&#x43D;&#x44B; &#x43D;&#x435;&#x43F;&#x440;&#x435;&#x440;&#x44B;&#x432;&#x43D;&#x43E;&#x433;&#x43E; &#x442;&#x440;&#x430;&#x43D;&#x441;&#x43F;&#x43E;&#x440;&#x442;&#x430;.</subfield>
  </datafield>
  <datafield tag="942" ind1=" " ind2=" ">
    <subfield code="c">BK</subfield>
  </datafield>
  <datafield tag="999" ind1=" " ind2=" ">
    <subfield code="c">40881</subfield>
    <subfield code="d">40881</subfield>
  </datafield>
  <datafield tag="952" ind1=" " ind2=" ">
    <subfield code="0">0</subfield>
    <subfield code="1">0</subfield>
    <subfield code="4">0</subfield>
    <subfield code="7">0</subfield>
    <subfield code="9">46449</subfield>
    <subfield code="d">2018-12-17</subfield>
    <subfield code="p">9866</subfield>
    <subfield code="r">2018-12-17</subfield>
    <subfield code="w">2018-12-17</subfield>
    <subfield code="y">BK</subfield>
  </datafield>
</record>
